Quiz sur le livre Harry Potter et la Chambre des Secrets - Statistiques

Statistiques générales
  • Ce quiz a été pris 137 fois
  • Le résultat moyen est 16 sur 33
Statistiques - réponses
Information Réponse % Correct
Auteure JK Rowling
98%
Personnage Harry Potter
96%
Personnage Ron Weasley
94%
Personnage Hermione Granger
93%
Personnage Albus Dumbledore
89%
Personnage Ginny Weasley
79%
Personnage Tom Jedusor
76%
Personnage Gilderoy Lockhart
72%
Année de parution 1998 et 1999
71%
Titre original Harry Potter and the Chamber of Secrets
65%
Personnage Rubeus Hagrid
60%
Personnage Dobby
55%
Chapitre 16 La Chambre des secrets
51%
Chapitre 15 Aragog
44%
Personnage Lucius Malefoy
44%
Chapitre 12 Le Polynectar
34%
Chapitre 5 Le Saule Cogneur
34%
Traducteur (Français) Jean-François Ménard
33%
Chapitre 3 Le Terrier
33%
Chapitre 17 L'héritier de Serpentard
32%
Chapitre 10 Le Cognard fou
30%
Chapitre 9 L'avertissement
27%
Chapitre 1 Un très mauvais anniversaire
27%
Chapitre 8 L'anniversaire de mort
26%
Chapitre 14 Cornelius Fudge
24%
Chapitre 18 La récompense de Dobby
24%
Chapitre 2 L'avertissement de Dobby
24%
Chapitre 4 Chez Fleury et Bott
23%
Chapitre 11 Le club de duel
23%
Chapitre 6 Gilderoy Lockhart
22%
Chapitre 7 Sang-de-Bourbe et drôle de voix
22%
Chapitre 13 Un journal très intime
22%
Nombre d'exemplaire vendus dans le monde entier 77 millions
8%
Aucun quiz correspondant
Distribution des résultats
% des personnes avec chaque résultat
Percentile par nombre de réponses
Votre historique - résultats
Vous n’avez pas pris ce quiz